000
00333nam a22001457a 4500
003
SGT
005
20260527142212.0
020
_a
9789819730087
082
_a
363.25
_b
SHR
100
_a
SHRIVASTAVA PANKAJ
245
_a
TEXTBOOK OF FORENSIC SCIENCE
260
_a
SINGPORE
_b
SPRINGER PUB
_c
2024
300
_a
839
942
_2
ddc
_c
BK
999
_c
34896
_d
34896